[Event "1 tur"]
[Site "?"]
[Date "2004.??.??"]
[Round "?"]
[White "Peleshev"]
[Black "Syskov"]
[Result "1/2-1/2"]
[WhiteElo "2310"]
[BlackElo "2260"]
[PlyCount "37"]
[EventDate "2004.??.??"]

1. f4 f5 2. Nf3 Nf6 3. b3 b6 4. Bb2 Bb7 5. Bxf6 exf6 6. e3 Be7 7. Nc3 g6 8. Bd3
Bb4 9. Nb5 a6 10. Nbd4 Nc6 11. Nxc6 Bxc6 12. h3 Qe7 13. Qe2 a5 14. g4 fxg4 15.
hxg4 O-O-O 16. O-O-O a4 17. Kb1 Kb7 18. Ba6+ Ka7 19. Bb5 {time: 0.24 - 0.23}
1/2-1/2

[Event "1 tur"]
[Site "?"]
[Date "2004.??.??"]
[Round "?"]
[White "Mingachev"]
[Black "Zhidkov"]
[Result "1/2-1/2"]
[WhiteElo "2345"]
[BlackElo "2375"]
[PlyCount "23"]
[EventDate "2004.??.??"]

1. e4 e5 2. Nf3 Nc6 3. Bb5 a6 4. Ba4 Nf6 5. Bxc6 dxc6 6. d3 Nd7 7. Nbd2 Be7 8.
Nc4 f6 9. Ne3 Nc5 10. Bd2 g6 11. Bc3 Na4 12. Qd2 {time: 0.21 - 0.23} 1/2-1/2

[Event "1 tur"]
[Site "?"]
[Date "2004.??.??"]
[Round "?"]
[White "Kichubaev"]
[Black "Sultanov"]
[Result "1-0"]
[WhiteElo "2430"]
[BlackElo "2155"]
[PlyCount "65"]
[EventDate "2004.??.??"]

1. Nf3 Nf6 2. c4 e6 3. g3 c5 4. Bg2 Be7 5. O-O O-O 6. Nc3 Nc6 7. d4 cxd4 8.
Nxd4 a6 9. Bf4 Nh5 10. Be3 Ne5 11. b3 f5 12. Nf3 Ng6 13. Na4 b5 14. Bb6 Qe8 15.
Nd4 Rb8 16. Bc7 Rb7 17. Bxb7 Bxb7 18. cxb5 axb5 19. Nxb5 Ngf4 20. Bxf4 Nxf4 21.
f3 Qg6 22. Kh1 Nd5 23. Nbc3 f4 24. Rg1 Qh5 25. g4 Qh3 26. Nxd5 Bxd5 27. Rc1 Rf6
28. Nb6 Bc6 29. Nxd7 Rh6 30. Rg2 Bd5 31. Rc8+ Kf7 32. Ne5+ Kf6 33. Qd4 {
time: 1.40 - 1.59} 1-0

[Event "1 tur"]
[Site "?"]
[Date "2004.??.??"]
[Round "?"]
[White "Abdulyazanov"]
[Black "Mikheev"]
[Result "1-0"]
[WhiteElo "2385"]
[BlackElo "2285"]
[PlyCount "75"]
[EventDate "2004.??.??"]

1. e4 e5 2. Nf3 Nf6 3. Nxe5 d6 4. Nf3 Nxe4 5. d4 d5 6. Bd3 Nc6 7. O-O Be7 8.
Re1 Bg4 9. c3 f5 10. Qb3 O-O 11. Nbd2 Na5 12. Qc2 Nc6 13. b4 a6 14. Rb1 Bd6 15.
b5 axb5 16. Rxb5 b6 17. Rxd5 Bxf3 18. Nxf3 Bxh2+ 19. Kxh2 Qxd5 20. a3 Rae8 21.
Bf4 Qf7 22. Qa4 Na5 23. Ne5 Qh5+ 24. Kg1 Nxc3 25. Qc2 Nd5 26. Bd2 Rd8 27. Bb4
Rf6 28. Be2 Qh4 29. Bf3 Rh6 30. g3 Qxd4 31. Bxa5 bxa5 32. Nc6 Rxc6 33. Qxc6 Nf6
34. Rd1 Qxd1+ 35. Bxd1 Rxd1+ 36. Kg2 Rd5 37. Qxc7 g6 38. Qe7 1-0

[Event "1 tur"]
[Site "?"]
[Date "2004.??.??"]
[Round "?"]
[White "Alexeev"]
[Black "Gavariev"]
[Result "1-0"]
[WhiteElo "2365"]
[BlackElo "2310"]
[PlyCount "85"]
[EventDate "2004.??.??"]

1. d4 Nf6 2. c4 e6 3. Nf3 Bb4+ 4. Nbd2 O-O 5. a3 Be7 6. e4 d6 7. Bd3 Nc6 8. O-O
a5 9. b3 e5 10. d5 Nb8 11. Bb2 Na6 12. Bc3 Bg4 13. b4 Nh5 14. Re1 Nf4 15. Bf1
f5 16. h3 Bxf3 17. Nxf3 fxe4 18. Rxe4 Qe8 19. g3 Qf7 20. Re3 Ng6 21. Qe1 Rae8
22. Nd2 Bg5 23. Rf3 Qd7 24. Rxf8+ Rxf8 25. Ne4 Bd8 26. Qd1 Nb8 27. c5 Be7 28.
bxa5 dxc5 29. Qb3 Bd6 30. Qxb7 Qf5 31. Bg2 Qc8 32. Rb1 Nd7 33. a6 Re8 34. a7
Ngf8 35. Qc6 Qa8 36. Rb7 Rc8 37. Ba5 h6 38. Bxc7 Bxc7 39. Rxc7 Rd8 40. Qxa8
Rxa8 41. d6 Rd8 42. Nxc5 Nb6 43. Rb7 {time: 2.00 - 2.00} 1-0

[Event "1 tur"]
[Site "?"]
[Date "2004.??.??"]
[Round "?"]
[White "Salov"]
[Black "Zhavoronkov"]
[Result "0-1"]
[WhiteElo "2280"]
[BlackElo "2395"]
[PlyCount "113"]
[EventDate "2004.??.??"]

1. e4 c5 2. Nf3 d6 3. d4 cxd4 4. Nxd4 Nf6 5. Nc3 Nc6 6. Bc4 Qb6 7. Nb3 e6 8.
Bf4 Ne5 9. Be2 a6 10. Be3 Qc7 11. f4 Nc4 12. Bxc4 Qxc4 13. Qf3 e5 14. fxe5 dxe5
15. Qg3 Be6 16. O-O-O Rc8 17. Qxe5 Ng4 18. Qd4 Nxe3 19. Qxe3 b5 20. Rd2 Bb4 21.
Rd4 Bc5 22. Nxc5 Qxc5 23. a3 O-O 24. Qd2 Qe5 25. g3 Rfe8 26. Rd1 Bg4 27. Rf1
Qe6 28. Kb1 Rc6 29. Nd5 f6 30. Ne3 Bh5 31. Nd5 Bf7 32. Rf3 h6 33. Rc3 Rxc3 34.
Qxc3 Qh3 35. Qd2 Qf1+ 36. Ka2 f5 37. b3 fxe4 38. Ne3 Qf6 39. Rd6 Re6 40. Rd4
Kh7 41. Nd5 Qe5 42. Ne3 Rc6 43. Kb1 Rf6 44. a4 Rf3 45. axb5 axb5 46. Rd7 Be6
47. Rd4 Rf7 48. Rd6 Rf3 49. Rd4 Bf7 50. Rd7 Bg6 51. Rd8 Qg5 52. Ng2 e3 53. Qd5
Qxd5 54. Rxd5 Be4 55. Rd1 e2 56. Rc1 Rxb3+ 57. Ka2 {time: 2.29 - 2.27} 0-1

[Event "2 tur"]
[Site "?"]
[Date "2004.??.??"]
[Round "?"]
[White "Gavariev"]
[Black "Mikheev"]
[Result "1/2-1/2"]
[WhiteElo "2310"]
[BlackElo "2280"]
[PlyCount "37"]
[EventDate "2004.??.??"]

1. d4 Nf6 2. Nf3 g6 3. g3 d5 4. Bg2 Bg7 5. O-O O-O 6. c4 c6 7. cxd5 cxd5 8. Ne5
e6 9. Nc3 Nfd7 10. f4 f6 11. Nd3 Nc6 12. e3 Nb6 13. b3 Rf7 14. a4 Bf8 15. g4 a5
16. Bb2 Nb4 17. h3 Nxd3 18. Qxd3 f5 19. g5 {time: 1.06 - 1.10} 1/2-1/2

[Event "2 tur"]
[Site "?"]
[Date "2004.??.??"]
[Round "?"]
[White "Zhidkov"]
[Black "Peleshev"]
[Result "1/2-1/2"]
[WhiteElo "2375"]
[BlackElo "2310"]
[PlyCount "27"]
[EventDate "2004.??.??"]

1. Nf3 Nf6 2. d4 e6 3. c4 Bb4+ 4. Bd2 Qe7 5. g3 Nc6 6. Nc3 d5 7. cxd5 exd5 8.
Bg2 O-O 9. O-O Re8 10. Re1 Bxc3 11. Bxc3 Ne4 12. Rc1 a5 13. e3 Qd6 14. Nd2 {
time: 1.42 - 0.48} 1/2-1/2

[Event "2 tur"]
[Site "?"]
[Date "2004.??.??"]
[Round "?"]
[White "Alexeev"]
[Black "Salov"]
[Result "1/2-1/2"]
[WhiteElo "2365"]
[BlackElo "2285"]
[PlyCount "35"]
[EventDate "2004.??.??"]

1. d4 Nf6 2. c4 c5 3. d5 b5 4. cxb5 a6 5. b6 e6 6. Nc3 Nxd5 7. Nxd5 exd5 8.
Qxd5 Nc6 9. Nf3 Rb8 10. Ne5 Qf6 11. Nxc6 dxc6 12. Qg5 Be7 13. Qf4 Qxf4 14. Bxf4
Rxb6 15. Be5 Bf6 16. Bxf6 gxf6 17. O-O-O Be6 18. Kb1 {time: 0.54 - 0.35}
1/2-1/2

[Event "2 tur"]
[Site "?"]
[Date "2004.??.??"]
[Round "?"]
[White "Sultanov"]
[Black "Abdulyazanov"]
[Result "0-1"]
[WhiteElo "2155"]
[BlackElo "2385"]
[PlyCount "78"]
[EventDate "2004.??.??"]

1. e4 c5 2. Nf3 d6 3. d4 cxd4 4. Nxd4 Nf6 5. Nc3 a6 6. g3 e5 7. Nde2 Nbd7 8.
Bg2 b5 9. O-O Be7 10. a4 b4 11. Nd5 Nxd5 12. exd5 O-O 13. c3 a5 14. Be3 Ba6 15.
Re1 Bxe2 16. Qxe2 bxc3 17. bxc3 Bg5 18. Rab1 Bxe3 19. fxe3 Nc5 20. Qc2 f5 21.
Rb5 Qg5 22. Rxc5 dxc5 23. Qd3 e4 24. Qc4 Rac8 25. d6+ Kh8 26. d7 Rcd8 27. Qxc5
Rf7 28. Rd1 h6 29. Qa7 Qe7 30. Bh3 Rxd7 31. Qa8+ Kh7 32. Rf1 Qc5 33. Kh1 g6 34.
Qe8 Qxe3 35. Qe5 Qe2 36. Qe6 h5 37. c4 Kh6 38. Qe5 Rd2 39. Qf4+ g5 {
time: 1.59 -1.55} 0-1

[Event "2 tur"]
[Site "?"]
[Date "2004.??.??"]
[Round "?"]
[White "Zhavoronkov"]
[Black "Mingachev"]
[Result "1/2-1/2"]
[WhiteElo "2395"]
[BlackElo "2345"]
[PlyCount "96"]
[EventDate "2004.??.??"]

1. e4 e5 2. Bc4 Nf6 3. d3 d6 4. f4 Be7 5. Nf3 exf4 6. Bxf4 Be6 7. Bb3 Nc6 8.
O-O h6 9. c4 g5 10. Bg3 g4 11. Ne1 Nh5 12. Bf2 Ne5 13. d4 Ng6 14. Nc3 Nhf4 15.
Be3 Bg5 16. Qd2 Nh5 17. g3 Bxe3+ 18. Qxe3 Qg5 19. Qxg5 hxg5 20. Nb5 Kd8 21. d5
Bd7 22. Rxf7 Ne5 23. Rf2 Bxb5 24. cxb5 Kd7 25. Bd1 Rh6 26. Be2 Rah8 27. Nd3
Nxd3 28. Bxd3 Nxg3 29. Rc1 Kd8 30. Rfc2 Nh5 31. Rxc7 Nf4 32. Rc8+ Ke7 33. R1c7+
Kf6 34. Rxh8 Rxh8 35. Bf1 Rb8 36. Kf2 b6 37. Kg3 Re8 38. Rc4 Rh8 39. a4 Rh4 40.
Rc7 Nh5+ 41. Kg2 Nf4+ 42. Kg1 Nh3+ 43. Bxh3 gxh3 44. Rxa7 Rxe4 45. Kf2 Rb4 46.
Kg3 g4 47. b3 Ke5 48. Rb7 Kf5 {time: 2.10 - 2.15} 1/2-1/2

[Event "2 tur"]
[Site "?"]
[Date "2004.??.??"]
[Round "?"]
[White "Syskov"]
[Black "Kichubaev"]
[Result "0-1"]
[WhiteElo "2260"]
[BlackElo "2430"]
[PlyCount "124"]
[EventDate "2004.??.??"]

1. e4 c5 2. Nf3 e6 3. d4 cxd4 4. Nxd4 Nc6 5. Nc3 Qc7 6. Be2 Nf6 7. O-O Be7 8.
Kh1 O-O 9. f4 d6 10. Be3 Re8 11. Qe1 Nxd4 12. Bxd4 e5 13. fxe5 dxe5 14. Qg3 Bd8
15. Be3 Kh8 16. Rad1 Be6 17. Bb5 Rf8 18. Ba4 a6 19. Bb3 Be7 20. Nd5 Bxd5 21.
Bxd5 Nxd5 22. Rxd5 Qxc2 23. Qxe5 Qe2 24. Qf4 f5 25. Rd2 Qxd2 26. Bxd2 fxe4 27.
Qxf8+ Rxf8 28. Rxf8+ Bxf8 29. Kg1 Bc5+ 30. Kf1 Kg8 31. Ke2 Kf7 32. Be3 Bd6 33.
h3 Ke6 34. b3 Kd5 35. Kd2 Bc5 36. Bf4 Bg1 37. Bb8 Kc5 38. Kc3 Bd4+ 39. Kc2 Kd5
40. Kd2 b6 41. Bf4 Kc5 42. Kc2 Kb4 43. Bc1 a5 44. Kd2 a4 45. bxa4 Kxa4 46. g4
Kb4 47. h4 g6 48. h5 gxh5 49. gxh5 Kc4 50. Ba3 Kd5 51. Bf8 Ke6 52. a4 Kd5 53.
h6 Bf6 54. Bg7 Bg5+ 55. Kc3 Be3 56. Bf8 Bd4+ 57. Kd2 Kc4 58. Bg7 Bc5 59. Bc3
Bb4 60. Bxb4 Kxb4 61. Ke3 Kxa4 62. Kxe4 b5 {time: 2.20 - 2.19} 0-1

[Event "3 tur"]
[Site "?"]
[Date "2004.??.??"]
[Round "?"]
[White "Peleshev"]
[Black "Zhavoronkov"]
[Result "1/2-1/2"]
[WhiteElo "2310"]
[BlackElo "2395"]
[PlyCount "24"]
[EventDate "2004.??.??"]

1. c4 c5 2. Nf3 Nc6 3. g3 g6 4. Bg2 Bg7 5. O-O Nf6 6. Nc3 d6 7. d3 O-O 8. a3
Bg4 9. h3 Bd7 10. Rb1 a5 11. Bd2 Rb8 12. e4 Ne8 {time: 0.08 - 0.08} 1/2-1/2

[Event "3 tur"]
[Site "?"]
[Date "2004.??.??"]
[Round "?"]
[White "Mingachev"]
[Black "Alexeev"]
[Result "1/2-1/2"]
[WhiteElo "2345"]
[BlackElo "2365"]
[PlyCount "24"]
[EventDate "2004.??.??"]

1. d4 f5 2. Bg5 d5 3. e3 c6 4. c3 Nd7 5. f4 Ngf6 6. Bd3 e6 7. Nf3 Be7 8. Nbd2
O-O 9. Ne5 Nxe5 10. fxe5 Ng4 11. Bxe7 Qxe7 12. Qf3 Qg5 {time: 0.50 - 0.39}
1/2-1/2

[Event "3 tur"]
[Site "?"]
[Date "2004.??.??"]
[Round "?"]
[White "Salov"]
[Black "Gavariev"]
[Result "1/2-1/2"]
[WhiteElo "2280"]
[BlackElo "2310"]
[PlyCount "46"]
[EventDate "2004.??.??"]

1. e4 c6 2. d4 d5 3. Nd2 dxe4 4. Nxe4 Bf5 5. Ng3 Bg6 6. h4 h6 7. Nf3 Nd7 8. h5
Bh7 9. Bd3 Bxd3 10. Qxd3 Qc7 11. Bd2 e6 12. O-O-O Ngf6 13. Ne4 O-O-O 14. g3 Nc5
15. Nxc5 Bxc5 16. Rh4 Bd6 17. c4 c5 18. Qe2 Rhe8 19. Bc3 Rg8 20. Kb1 cxd4 21.
Nxd4 a6 22. Rhh1 Rge8 23. Nb3 Qc6 1/2-1/2

[Event "3 tur"]
[Site "?"]
[Date "2004.??.??"]
[Round "?"]
[White "Mikheev"]
[Black "Sultanov"]
[Result "1-0"]
[WhiteElo "2280"]
[BlackElo "2155"]
[PlyCount "75"]
[EventDate "2004.??.??"]

1. e4 e5 2. Nf3 Nc6 3. Bb5 f5 4. d3 fxe4 5. dxe4 Nf6 6. Qe2 d6 7. Nc3 a6 8.
Bxc6+ bxc6 9. O-O Bg4 10. h3 Bxf3 11. Qxf3 Be7 12. Qe2 Qd7 13. f4 O-O 14. fxe5
dxe5 15. Be3 Qe6 16. a3 a5 17. Rad1 Rab8 18. Bc1 Bc5+ 19. Kh2 Bd4 20. Na4 Rf7
21. b3 Rbf8 22. Bd2 Nh5 23. Bxa5 Nf4 24. Qg4 Qe7 25. Bb4 c5 26. Bd2 h5 27. Qg3
h4 28. Qg4 Nh5 29. Bg5 Rxf1 30. Rxd4 Qf7 31. Rd2 Rf2 32. Rd7 Qg6 33. Bxh4 Qxg4
34. hxg4 R2f4 35. Be7 Rxg4 36. Bxf8 Kxf8 37. Nxc5 Rh4+ 38. Kg1 {
time: 1.48 - 2.00} 1-0

[Event "3 tur"]
[Site "?"]
[Date "2004.??.??"]
[Round "?"]
[White "Abdulyazanov"]
[Black "Syskov"]
[Result "0-1"]
[WhiteElo "2385"]
[BlackElo "2260"]
[PlyCount "153"]
[EventDate "2004.??.??"]

1. e4 c5 2. Nf3 e6 3. d4 cxd4 4. Nxd4 a6 5. Bd3 Nf6 6. O-O Qc7 7. Be3 Nc6 8.
Nc3 Ne5 9. h3 b5 10. f4 Nc4 11. Bxc4 Qxc4 12. e5 b4 13. Na4 Nd5 14. Qf3 Nxe3
15. Qxe3 Qc7 16. f5 Bb7 17. fxe6 dxe6 18. Qf4 O-O-O 19. Rad1 Rd7 20. c3 Kb8 21.
Rf2 Qa5 22. b3 bxc3 23. Rc2 Bb4 24. a3 Bxa3 25. Rxc3 Rhd8 26. Rcd3 Bc5 27. Nxc5
Qxc5 28. b4 Qc4 29. Kh2 Ka8 30. b5 axb5 31. Qe3 Kb8 32. Rc3 Qa2 33. Rd2 Qa7 34.
Rcd3 Rd5 35. Qf4 Qb6 36. Qe3 b4 37. Rd1 R8d7 38. Qf4 Ba6 39. R3d2 Qc7 40. Nf3
Rxd2 41. Rxd2 Rxd2 42. Qxb4+ Bb7 43. Qxd2 Bxf3 44. gxf3 Qxe5+ 45. Kg2 Qf5 46.
Qd7 h5 47. h4 g6 48. Qc6 e5 49. Kg3 Qf4+ 50. Kg2 Qf5 51. Kg3 Qe6 52. Qc5 Kb7
53. Kg2 e4 54. Qb4+ Kc6 55. fxe4 Qg4+ 56. Kf1 Qf4+ 57. Ke2 Kd7 58. Qd4+ Ke7 59.
Qd5 Kf8 60. Qd8+ Kg7 61. Qd4+ Kh7 62. Qd5 Qf6 63. e5 Qf5 64. Ke3 Kg7 65. Qd4
Qe6 66. Qf4 Qh3+ 67. Ke4 Qh1+ 68. Kd4 Qa1+ 69. Kd3 Qd1+ 70. Kc3 Qg4 71. Qf6+
Kg8 72. Qd8+ Kh7 73. Qf6 Qe6 74. Qg5 Kg7 75. Kd4 Qg4+ 76. Kd5 Qxg5 77. hxg5 {
time: 2.30 - 2.27} 0-1

[Event "4 tur"]
[Site "?"]
[Date "2004.??.??"]
[Round "?"]
[White "Alexeev"]
[Black "Peleshev"]
[Result "1-0"]
[WhiteElo "2365"]
[BlackElo "2310"]
[PlyCount "75"]
[EventDate "2004.??.??"]

1. d4 Nf6 2. c4 e6 3. Nf3 Bb4+ 4. Nbd2 b6 5. e3 Bb7 6. Bd3 O-O 7. O-O d5 8. a3
Be7 9. b4 a5 10. b5 Nbd7 11. Qc2 g6 12. Bb2 Rc8 13. cxd5 Nxd5 14. Rac1 Bf6 15.
Nc4 Qe7 16. Qd2 Bg7 17. e4 N5f6 18. Rfe1 Rfd8 19. h3 h6 20. a4 Kh7 21. Ba3 Qe8
22. Qe3 Bf8 23. Bxf8 Qxf8 24. Nce5 Nxe5 25. Nxe5 Kg7 26. Rc4 Nd7 27. Qf4 Nxe5
28. Qxe5+ Kg8 29. Rxc7 Rxc7 30. Qxc7 Rxd4 31. Qxb7 Rxd3 32. Qxb6 Qb4 33. Rc1
Qxa4 34. Qb8+ Kh7 35. Qc7 Rd1+ 36. Rxd1 Qxd1+ 37. Kh2 Kg7 38. b6 {
time: 1.59 - 2.00} 1-0

[Event "4 tur"]
[Site "?"]
[Date "2004.??.??"]
[Round "?"]
[White "Zhavoronkov"]
[Black "Kichubaev"]
[Result "1/2-1/2"]
[WhiteElo "2395"]
[BlackElo "2430"]
[PlyCount "84"]
[EventDate "2004.??.??"]

1. e4 c5 2. Nf3 e6 3. d4 cxd4 4. Nxd4 Nc6 5. Nc3 Qc7 6. g3 d6 7. Bg2 a6 8. O-O
Bd7 9. Re1 Be7 10. Nxc6 Bxc6 11. Qg4 h5 12. Qe2 h4 13. a4 hxg3 14. hxg3 Nf6 {
= ?} 15. Be3 Rc8 16. f4 Kf8 17. Bf3 Nd7 18. Kg2 Bf6 19. Qd3 Rd8 20. Qc4 Rc8 21.
Red1 Qb8 22. Qd3 Bxc3 23. bxc3 Ke7 24. Qd4 Rh7 25. Rd2 Rch8 26. Bg1 e5 27. Qb4
exf4 28. gxf4 Rh6 29. e5 Rg6+ 30. Kf2 Bxf3 31. Rxd6 Rxd6 32. Kxf3 Rh3+ 33. Kg2
Rhh6 34. Rd1 Rhg6+ 35. Kf2 Qh8 36. exd6+ Kf8 37. f5 Rg5 38. Qe4 Qh5 39. Qe7+
Kg8 40. Qxd7 Qh4+ 41. Kf1 Rxg1+ 42. Kxg1 Qg3+ {time: 2.05 - 2.05} 1/2-1/2

[Event "4 tur"]
[Site "?"]
[Date "2004.??.??"]
[Round "?"]
[White "Syskov"]
[Black "Mikheev"]
[Result "1/2-1/2"]
[WhiteElo "2260"]
[BlackElo "2280"]
[PlyCount "94"]
[EventDate "2004.??.??"]

1. e4 c5 2. Nf3 d6 3. d4 cxd4 4. Nxd4 Nf6 5. f3 e5 6. Bb5+ Nbd7 7. Nf5 a6 8.
Bxd7+ Qxd7 9. Bg5 d5 10. Bxf6 gxf6 11. O-O Qc6 12. Ng3 Qb6+ 13. Kh1 Qxb2 14.
Nd2 d4 15. f4 exf4 16. Nh5 Be7 17. Rxf4 Be6 18. Ng7+ Kf8 19. Nxe6+ fxe6 20. Nf3
Rg8 21. e5 d3 22. Nd4 dxc2 23. Qf1 Rxg2 24. Rc1 Rg6 25. Rxc2 Qb6 26. exf6 Ba3
27. Qc4 Rd8 28. Rg2 Rd5 29. f7 Bc5 30. Rxg6 hxg6 31. Qa4 Rd8 32. Nf3 Qd6 33.
Qe4 Rd7 34. Ne5 Qd1+ 35. Kg2 Rd2+ 36. Kh3 Qh5+ 37. Rh4 Qf5+ 38. Qxf5 exf5 39.
Rh7 Ke7 40. Nxg6+ Kf6 41. f8=Q+ Bxf8 42. Nxf8 b5 43. Nd7+ Kg5 44. Nc5 Rxa2 45.
Ne6+ Kg6 46. Rb7 Ra3+ 47. Kg2 Ra2+ {time: 2.06 - 2.06} 1/2-1/2

[Event "4 tur"]
[Site "?"]
[Date "2004.??.??"]
[Round "?"]
[White "Gavariev"]
[Black "Sultanov"]
[Result "1/2-1/2"]
[WhiteElo "2310"]
[BlackElo "2155"]
[PlyCount "111"]
[EventDate "2004.??.??"]

1. d4 Nf6 2. c4 e6 3. Nf3 Bb4+ 4. Bd2 Qe7 5. g3 O-O 6. Bg2 Bxd2+ 7. Qxd2 d6 8.
Nc3 e5 9. O-O Nc6 10. d5 Nb8 11. e4 Nh5 12. Rae1 a5 13. Nb5 h6 14. Re3 Kh8 15.
Ne1 g5 16. Qe2 Nf6 17. h3 g4 18. h4 Nh5 19. Nd3 c6 20. dxc6 Nxc6 21. Qd2 Be6
22. b3 f5 23. exf5 Bxf5 24. Nc1 Rad8 25. Ne2 Qf6 26. Nec3 Qg6 27. Nd5 Ng7 28.
Rc3 Ne6 29. Ne3 Be4 30. Bxe4 Qxe4 31. Qd3 Nc5 32. Qxe4 Nxe4 33. Rc2 h5 34. Rd1
Rf3 35. Ng2 Rdf8 36. Re2 Nxf2 37. Rxd6 Nh3+ 38. Kh2 Kg7 39. Rd7+ R8f7 40. Rxf7+
Rxf7 41. Ne3 Nd4 42. Nxd4 exd4 43. Nd5 d3 44. Rg2 Nf2 45. Nc3 d2 46. Rg1 Rd7
47. Nd1 Nxd1 48. Rxd1 Kf6 49. Kg2 Ke5 50. Kf2 Ke4 51. Ke2 b6 52. a3 Rd3 53. b4
axb4 54. axb4 Kd4 55. c5 bxc5 56. bxc5 {time: 2.23 - 2.28} 1/2-1/2

[Event "5 tur"]
[Site "?"]
[Date "2004.??.??"]
[Round "?"]
[White "Peleshev"]
[Black "Salov"]
[Result "1/2-1/2"]
[WhiteElo "2310"]
[BlackElo "2285"]
[PlyCount "31"]
[EventDate "2004.??.??"]

1. Nf3 Nf6 2. e3 g6 3. b4 Bg7 4. Bb2 d6 5. Be2 e5 6. d3 O-O 7. c4 Ne8 8. Qb3
Be6 9. Nc3 f5 10. d4 e4 11. Nd2 Bf7 12. O-O Nf6 13. a4 Nc6 14. a5 a6 15. f4
exf3 16. Bxf3 {time: 0.49 - 0.33} 1/2-1/2

[Event "5 tur"]
[Site "?"]
[Date "2004.??.??"]
[Round "?"]
[White "Mikheev"]
[Black "Zhidkov"]
[Result "1/2-1/2"]
[WhiteElo "2280"]
[BlackElo "2375"]
[PlyCount "36"]
[EventDate "2004.??.??"]

1. e4 e5 2. Nf3 Nc6 3. Nc3 g6 4. d4 exd4 5. Nxd4 Bg7 6. Be3 Nf6 7. Bc4 O-O 8.
Nxc6 bxc6 9. Qd3 Ng4 10. Bf4 Ne5 11. Qe2 d5 12. Bb3 d4 13. Rd1 a5 14. Bxe5 Bxe5
15. Nb1 Qh4 16. Nd2 Bg4 17. Nf3 Qe7 18. O-O a4 {time: 0.41 - 0.48} 1/2-1/2

[Event "5 tur"]
[Site "?"]
[Date "2004.??.??"]
[Round "?"]
[White "Mingachev"]
[Black "Gavariev"]
[Result "1-0"]
[WhiteElo "2345"]
[BlackElo "2310"]
[PlyCount "77"]
[EventDate "2004.??.??"]

1. d4 Nf6 2. Bg5 c5 3. Bxf6 gxf6 4. d5 Qb6 5. Qc1 d6 6. Nd2 e6 7. dxe6 fxe6 8.
e4 Bh6 9. c3 Nc6 10. Be2 Ne5 11. Ngf3 Nxf3+ 12. Bxf3 Bd7 13. Bh5+ Kd8 14. Qc2
Bb5 15. Rd1 Qa6 16. c4 Bc6 17. Bf3 Kc7 18. O-O Rad8 19. a3 Qa5 20. Nb1 Bf4 21.
Nc3 Be5 22. Rd3 Qa6 23. Be2 Kb8 24. Rh3 Qa5 25. Rb1 Qc7 26. b4 Qg7 27. b5 Bd7
28. Bf1 Bc8 29. Ne2 Rdg8 30. f4 Bd4+ 31. Nxd4 cxd4 32. b6 axb6 33. Rhb3 Qc7 34.
Rxb6 e5 35. Qa4 d3 36. R6b5 Rg7 37. Ra5 b6 38. Ra8+ Kb7 39. Ra7+ {
time: 1.57 - 1.59} 1-0

[Event "5 tur"]
[Site "?"]
[Date "2004.??.??"]
[Round "?"]
[White "Sultanov"]
[Black "Syskov"]
[Result "0-1"]
[WhiteElo "2155"]
[BlackElo "2260"]
[PlyCount "120"]
[EventDate "2004.??.??"]

1. e4 c5 2. Nf3 e6 3. d4 cxd4 4. Nxd4 Nc6 5. Nc3 Qc7 6. g3 a6 7. Bg2 Nf6 8. O-O
Bc5 9. Nb3 Be7 10. a4 O-O 11. Be3 Ne5 12. Qe2 d6 13. Rad1 Bd7 14. h3 Rac8 15.
g4 Nc4 16. Bc1 b5 17. axb5 axb5 18. g5 Ne8 19. Nd4 b4 20. Nb1 g6 21. b3 Na5 22.
e5 dxe5 23. Nb5 Bxb5 24. Qxb5 Rb8 25. Qa4 Nd6 26. Bb2 Qc5 27. Rfe1 e4 28. h4
Nc6 29. Rxd6 Bxd6 30. Nd2 Ra8 31. Nxe4 Rxa4 32. Nf6+ Kh8 33. Ne4+ e5 34. Nxc5
Ra2 35. Nd3 Nd4 36. f4 Nxc2 37. Rc1 Nd4 38. Rc4 Rxb2 39. Nxb2 Ne2+ 40. Kf2 Nxf4
41. Bf1 Ra8 42. Na4 h6 43. Rc6 Rd8 44. Nb6 hxg5 45. Nc4 Bb8 46. hxg5 Ne6 47.
Ra6 Nxg5 48. Ra8 Ne6 49. Ke3 Kg7 50. Bg2 f5 51. Nb6 Bd6 52. Rxd8 Nxd8 53. Nc4
Bc5+ 54. Ke2 Kf6 55. Bd5 Ne6 56. Kf1 g5 57. Nb2 e4 58. Nc4 g4 59. Nd2 e3 60.
Nc4 f4 {time: 2.00 - 1.57} 0-1

[Event "5 tur"]
[Site "?"]
[Date "2004.??.??"]
[Round "?"]
[White "Abdulyazanov"]
[Black "Zhavoronkov"]
[Result "0-1"]
[WhiteElo "2385"]
[BlackElo "2395"]
[PlyCount "134"]
[EventDate "2004.??.??"]

1. e4 c5 2. Nf3 d6 3. d4 cxd4 4. Nxd4 Nf6 5. Nc3 Nc6 6. Bc4 Qb6 7. Nde2 e6 8.
O-O Be7 9. Bb3 Bd7 10. Bg5 Ne5 11. Qd2 h6 12. Be3 Qc7 13. Nd4 a6 14. Rad1 Nc4
15. Bxc4 Qxc4 16. f4 Ng4 17. Rf3 g5 18. f5 Bf6 19. fxe6 fxe6 20. Rxf6 Nxf6 21.
e5 dxe5 22. Nf3 Qc7 23. Nxe5 Qxe5 24. Bd4 Qf4 25. Bxf6 Qxd2 26. Rxd2 O-O 27.
Rxd7 Rxf6 28. Rxb7 Raf8 29. h3 Rf1+ 30. Kh2 Rc1 31. Rb6 Rxc2 32. Ne4 Rf4 33.
Rxe6 Kf7 34. Re5 Rxb2 35. Nd6+ Kg6 36. Ne4 Rxa2 37. Nc3 Ra1 38. Nd5 Rf7 39.
Re6+ Kg7 40. Ne3 Rf6 41. Re7+ Kf8 42. Rh7 Kg8 43. Ra7 a5 44. Nd5 Re6 45. Kg3 a4
46. Kg4 Rae1 47. Kh5 R1e4 48. g3 Rd4 49. Ne7+ Kf8 50. Ng6+ Ke8 51. Ra8+ Kf7 52.
Ra7+ Kf6 53. Kxh6 Kf5 54. Ra5+ Ke4 55. h4 gxh4 56. gxh4 Kd3 57. h5 Kc3 58. Ra7
Kb2 59. Kg7 Rdd6 60. Nf4 Ra6 61. Rb7+ Reb6 62. Rf7 a3 63. Nd3+ Kc2 64. Nc5 a2
65. Rf2+ Kc3 66. Rxa2 Rxa2 67. h6 Ra7+ {time: 2.29 - 2.22} 0-1

[Event "6 tur"]
[Site "?"]
[Date "2004.??.??"]
[Round "?"]
[White "Alexeev"]
[Black "Abdulyzanov"]
[Result "1/2-1/2"]
[WhiteElo "2365"]
[BlackElo "2385"]
[PlyCount "32"]
[EventDate "2004.??.??"]

1. d4 Nf6 2. c4 g6 3. Nc3 Bg7 4. e4 d6 5. Nf3 O-O 6. Be2 e5 7. dxe5 dxe5 8.
Qxd8 Rxd8 9. Bg5 Re8 10. Nd5 Nxd5 11. cxd5 c6 12. Bc4 cxd5 13. Bxd5 Nd7 14. Nd2
Nc5 15. O-O-O Ne6 16. Be3 Nf4 {time: 0.17 - 0.16} 1/2-1/2

[Event "6 tur"]
[Site "?"]
[Date "2004.??.??"]
[Round "?"]
[White "Zhidkov"]
[Black "Sultanov"]
[Result "1-0"]
[WhiteElo "2375"]
[BlackElo "2155"]
[PlyCount "75"]
[EventDate "2004.??.??"]

1. d4 Nf6 2. Nf3 e6 3. c4 Bb4+ 4. Bd2 Qe7 5. g3 O-O 6. Bg2 Bxd2+ 7. Qxd2 d6 8.
Nc3 e5 9. O-O Nc6 10. d5 Nb8 11. e4 a5 12. Ne1 Na6 13. Nd3 Nd7 14. f4 f6 15. b3
Ndc5 16. Nf2 Bd7 17. Rab1 exf4 18. gxf4 f5 19. Rbe1 fxe4 20. Nfxe4 Qh4 21. Ng5
Rf6 22. Ne6 Rh6 23. h3 Rg6 24. f5 Rg3 25. Ne2 Rd3 26. Qf4 Qf6 27. Ng3 Bxe6 28.
dxe6 g6 29. Kh2 Rd4 30. Qe3 Rd3 31. Qh6 Rxg3 32. Kxg3 c6 33. Kh2 Nd3 34. Re3
Ne5 35. fxg6 Qg7 36. gxh7+ Kh8 37. Qxg7+ Kxg7 38. Rg3+ {time: 1.37 - 1.59} 1-0

[Event "6 tur"]
[Site "?"]
[Date "2004.??.??"]
[Round "?"]
[White "Zhavoronkov"]
[Black "Mikheev"]
[Result "0-1"]
[WhiteElo "2395"]
[BlackElo "2280"]
[PlyCount "52"]
[EventDate "2004.??.??"]

1. f4 d5 2. Nf3 Nf6 3. b3 e6 4. Bb2 Be7 5. e3 O-O 6. g3 c5 7. Bg2 Nc6 8. O-O b6
9. Qe2 Bb7 10. d3 Rc8 11. Nbd2 d4 12. Nc4 dxe3 13. Qxe3 Nd4 14. Rac1 Ng4 15.
Qe1 Bf6 16. Nce5 Bxf3 17. Bxf3 Nxe5 18. fxe5 Bg5 19. Rb1 Nxc2 20. Qe4 Rc7 21.
h4 Bh6 22. Bc3 Rd7 23. Be2 Nd4 24. Bg4 Nb5 25. Ba1 Rxd3 26. Rbd1 Rxg3+ {
time: 2.05 - 1.51} 0-1

[Event "6 tur"]
[Site "?"]
[Date "2004.??.??"]
[Round "?"]
[White "Salov"]
[Black "Kichubaev"]
[Result "0-1"]
[WhiteElo "2285"]
[BlackElo "2430"]
[PlyCount "76"]
[EventDate "2004.??.??"]

1. e4 c5 2. Nf3 e6 3. d4 cxd4 4. Nxd4 a6 5. Bd3 Qb6 6. Nb3 Qc7 7. c4 Nf6 8. Nc3
b6 9. O-O Bb7 10. Be3 d6 11. f3 Be7 12. Qd2 Nbd7 13. Rac1 O-O 14. Rfd1 Rac8 15.
Bf1 Rfe8 16. Qf2 Ba8 17. a3 Qb8 18. Nd2 Bd8 19. Kh1 Bc7 20. Qh4 Ne5 21. Bd4 Ng6
22. Qh3 Nd7 23. b4 Bd8 24. Qh5 h6 25. g3 Bg5 26. f4 Bf6 27. Bxf6 Nxf6 28. Qe2
e5 29. f5 Ne7 30. Nd5 Nexd5 31. cxd5 b5 32. Qe3 Rxc1 33. Rxc1 Rc8 34. Rxc8+
Qxc8 35. Kg2 Qc2 36. Qd3 Qb2 37. Be2 Bb7 38. Kf2 Qxd2 {time: 1.57 - 1.32} 0-1